Rola učiteľa, riaditeľa a školského psychológa

Bibliographic Details
Main Author: Gajdošová, Eva, 1951- (Author)
Format: Article
Language:Slovak
Subjects:

MARC

LEADER 00000nab a2200000 a 4500
001 vtls001502251
003 SK-MaSNL
005 20260304134413.0
008 250505s1997 xo 000 0 slo
015 |a SNBRB 
035 |a SPKCL4879 
035 |a urn:nbn:sk:snk-ab9tvq 
035 |a (urnnbn)urn:nbn:sk:snk:ar-a08uto 
035 |a (uuid)3e390496-ccb0-448c-958a-b3e054c7169f 
040 |a SNKBUCL  |b slo  |c SNKBUCL  |e AACR2 
041 0 |a slo 
044 |a xo  |c SK 
080 |a 371.15:371.113.1:371.125.8  |2 1981 
100 1 |a Gajdošová, Eva,  |d 1951-  |4 aut  |9 208000 
245 1 0 |a Rola učiteľa, riaditeľa a školského psychológa  |c Eva Gajdošová 
650 0 7 |a humanizácia školstva  |2 snkbucl  |9 1081071 
650 0 7 |a školská psychológia  |2 snkbucl  |9 67168 
650 0 7 |a učitelia  |2 snkbucl  |9 3995 
650 0 7 |a školskí psychológovia  |2 snkbucl  |9 103132 
773 0 |t Technológia vzdelávania  |g Roč. 5, č. 1 (1997), s. 11-12 
850 |a Slovenská národná knižnica 
852 |a Slovenská národná knižnica 
954 |a odborná, vedecká literatúra pôvodná (slovenská)  |2 lita 
958 |a article13 
958 |a OND 
958 |a EUIPO 
999 |c 2906713  |d 2908643